000 00287nam a22001337a 4500
008 171016b xxu||||| |||| 00| 0 eng d
020 _a0314012591
041 _aeng
080 _a33
100 _a52
101 _aECO
245 _aPRINCIPLES OF ECONOMICS
_cROSS.J
942 _2udc
_cBK
999 _c33989
_d33989